00601nam a22001697a 450000500170000001000130001702000260003003500110005603700130006708200120008010000390009224501100013124600770024126000460031827000440036430000230040820210825122321.0 aUR-11209 c350.00a9789387884809 aU-9764 bDBAD/PUB a954.022 aصفد را ما م قا د ر ی  aشير شا ہ سو ر ی :عہد حکو مت ا و ر معنو يت cصفد را ما م قا د ر ی  aSher Shah Suri:Ahud,Hukumat,Aur Manawiyat (Urdu)bby Safdar imam Quadri  aDelhic2019ءbCreatyve Star Publications aJamia Nagar,bNew Delhie25l8851148278 a416 ص c22 Cm(Hb)